[Event "Luanda Energias Cup"]
[Site "Luanda"]
[Date "2023.07.10"]
[Round "5"]
[White "Cambando, Jose"]
[Black "Paulino, Domingos"]
[Result "1-0"]
[WhiteElo "2108"]
[BlackElo "2085"]
[PlyCount "127"]
[EventDate "2023.07.08"]
[EventType "tourn"]
[EventRounds "9"]
[EventCountry "ANG"]
[SourceTitle "EXT 2024"]
[Source "ChessBase"]
[SourceDate "2023.10.10"]
[SourceVersion "1"]
[SourceVersionDate "2023.10.10"]
[SourceQuality "1"]

1. Nf3 Nf6 2. g3 g6 3. Bg2 Bg7 4. c4 0-0 5. Nc3 c5 6. 0-0 Nc6 7. d4 cxd4 8. Nxd4 Qb6 9. Nc2 d6 10. h3 Be6 11. b3 Nd7 12. Na4 Qa6 13. Nb2 b5 14. cxb5 Qxb5 15. Rb1 Rfc8 16. Be3 Bf5 17. Nc4 h5 18. Rc1 Rab8 19. Nd4 Nxd4 20. Bxd4 Bxd4 21. Qxd4 Qa6 22. Qd2 Be6 23. Na5 Rxc1 24. Rxc1 Nc5 25. b4 Nd7 26. a4 Rc8 27. Nc6 Re8 28. a5 Nb8 29. Nd4 Bc4 30. b5 Bxb5 31. Qb4 Bxe2 32. Rc7 Qd3 33. Rxa7 Qd1+ 34. Kh2 Na6 35. Qb2 Bd3 36. Nc6 Qe2 37. Nxe7+ Kh7 38. Qf6 Qe6 39. Qxe6 fxe6 40. Nf5+ Kg8 41. Nh6+ Kh8 42. Nf7+ Kg8 43. Nxd6 Rd8 44. Nf7 Rd4 45. Ne5 Be2 46. Nxg6 Ra4 47. Nf4 Bc4 48. Nxe6 Rxa5 49. Nc7 Ra2 50. Nxa6 Rxa6 51. Rxa6 Bxa6 52. f4 Kg7 53. Kg1 h4 54. g4 Bd3 55. Kf2 Kf6 56. g5+ Kf5 57. Ke3 Bc2 58. Bf3 Ba4 59. Be4+ Ke6 60. Kd4 Bd7 61. f5+ Kd6 62. g6 Ke7 63. Ke5 Kd8 64. f6 1-0

[Event "Rio de Janeiro op"]
[Site "Rio de Janeiro"]
[Date "2022.04.21"]
[Round "2"]
[White "Lourenco, Valerio dos Santos"]
[Black "Paulino, Domingos"]
[Result "0-1"]
[WhiteElo "1700"]
[BlackElo "2082"]
[PlyCount "84"]
[EventDate "2022.04.21"]
[EventType "swiss"]
[EventRounds "6"]
[EventCountry "BRA"]
[SourceTitle "CBM 207 Extra"]
[Source "ChessBase"]
[SourceDate "2022.05.31"]
[SourceVersion "1"]
[SourceVersionDate "2022.05.31"]
[SourceQuality "1"]

1. e4 c5 2. Nf3 d6 3. d4 cxd4 4. Nxd4 Nf6 5. Nc3 a6 6. Be3 e5 7. Nb3 Be6 8. Nd5 Nbd7 9. f3 Bxd5 10. exd5 Be7 11. Qd2 0-0 12. 0-0-0 Nb6 13. Qa5 Nfd7 14. Kb1 Rc8 15. Qb4 Qc7 16. c4 Nxc4 17. Rc1 b5 18. Na5 Qxa5 19. Rxc4 Qxb4 20. Rxb4 Nf6 21. Rb3 Nxd5 22. Bd2 Nb6 23. Bd3 Nc4 24. Bc1 f5 25. Bxc4+ Rxc4 26. Re1 Rfc8 27. Bd2 Kf7 28. Rc3 Rxc3 29. Bxc3 Bf6 30. a3 Ke6 31. f4 e4 32. Kc2 d5 33. Kd2 d4 34. Bb4 g5 35. g3 gxf4 36. gxf4 Rg8 37. Re2 d3 38. Re1 Rg2+ 39. Kd1 Rxb2 40. Bd2 Rb1+ 41. Bc1 Bc3 42. Re3 Bb2 0-1

[Event "Antananarivo zt 4.3"]
[Site "Antananarivo"]
[Date "2019.05.01"]
[Round "5"]
[White "Paulino, Domingos"]
[Black "Khetho, Phemelo"]
[Result "1/2-1/2"]
[WhiteElo "2071"]
[BlackElo "2213"]
[PlyCount "109"]
[EventDate "2019.04.27"]
[EventType "swiss"]
[EventRounds "9"]
[EventCountry "MAD"]
[SourceTitle "EXT 2020"]
[Source "ChessBase"]
[SourceDate "2019.10.17"]
[SourceVersion "1"]
[SourceVersionDate "2019.10.17"]
[SourceQuality "1"]

1. e4 c5 2. Nf3 e6 3. d4 cxd4 4. Nxd4 a6 5. Bd3 Qc7 6. 0-0 Nf6 7. Bg5 Bc5 8. Nb3 Be7 9. N1d2 d6 10. Qe2 Nbd7 11. f4 h6 12. Bxf6 Bxf6 13. c3 Nc5 14. Nxc5 Qxc5+ 15. Kh1 Bd7 16. e5 dxe5 17. Ne4 Qc7 18. fxe5 Bxe5 19. Qh5 g6 20. Qh4 Bc6 21. Nf6+ Kf8 22. Bxg6 Rd8 23. Rf2 Bxh2 24. Nd5 Rxd5 25. Rxf7+ Qxf7 26. Bxf7 Kxf7 27. Rf1+ Rf5 28. Qh5+ Kf6 29. Rxf5+ exf5 30. Kxh2 Rh7 31. g3 Be4 32. Kg1 Rh8 33. Kf2 Bc6 34. Ke3 Re8+ 35. Kd4 Rd8+ 36. Kc4 Rh8 37. Kc5 Rh7 38. b4 Be4 39. Kd6 Bc6 40. c4 Rd7+ 41. Kc5 Rh7 42. b5 axb5 43. cxb5 Be4 44. a4 Rh8 45. a5 Kg7 46. Kd6 Kf6 47. g4 Rd8+ 48. Kc7 Rh8 49. Kd6 Rd8+ 50. Kc5 Rc8+ 51. Kd4 Rd8+ 52. Ke3 Rd3+ 53. Ke2 fxg4 54. Qxh6+ Kf5 55. Qh7+ 1/2-1/2

[Event "Antananarivo zt 4.3"]
[Site "Antananarivo"]
[Date "2019.04.29"]
[Round "4"]
[White "Oatlhotse, Providence"]
[Black "Paulino, Domingos"]
[Result "1-0"]
[WhiteElo "2326"]
[BlackElo "2071"]
[PlyCount "89"]
[EventDate "2019.04.27"]
[EventType "swiss"]
[EventRounds "9"]
[EventCountry "MAD"]
[SourceTitle "EXT 2020"]
[Source "ChessBase"]
[SourceDate "2019.10.17"]
[SourceVersion "1"]
[SourceVersionDate "2019.10.17"]
[SourceQuality "1"]

1. d4 d5 2. c4 e6 3. Nf3 Bb4+ 4. Bd2 Bxd2+ 5. Nbxd2 Nf6 6. e3 0-0 7. Be2 Nbd7 8. Rc1 c6 9. Bd3 h6 10. 0-0 Re8 11. cxd5 exd5 12. b4 Qe7 13. b5 cxb5 14. Bxb5 a6 15. Be2 Ne4 16. Qb3 Ndf6 17. Qb6 Bg4 18. Rc7 Qa3 19. Nb1 Qxa2 20. Bd1 Rac8 21. Rxb7 Rc1 22. Qb2 Qxb2 23. Rxb2 Rec8 24. Be2 Rxf1+ 25. Bxf1 Rc1 26. Ne5 Be6 27. Nd3 Rc8 28. f3 Nd6 29. Nc5 a5 30. Nc3 Kf8 31. Rb6 Ke7 32. Ra6 Rb8 33. Rxa5 Rb2 34. Ra7+ Kf8 35. Ra8+ Ke7 36. Ra7+ Kf8 37. g4 Rc2 38. Ra8+ Ke7 39. Ra7+ Kf8 40. Ra8+ Ke7 41. Ra3 g5 42. h3 h5 43. Bd3 Rc1+ 44. Kf2 hxg4 45. hxg4 1-0

[Event "Livingstone FIDE zt 4.3"]
[Site "Livingstone"]
[Date "2017.06.14"]
[Round "6"]
[White "Bouah, Lyndon"]
[Black "Paulino, Domingos"]
[Result "0-1"]
[WhiteElo "2130"]
[BlackElo "2203"]
[PlyCount "114"]
[EventDate "2017.06.10"]
[EventType "swiss"]
[EventRounds "9"]
[EventCountry "ZAM"]
[SourceTitle "EXT 2020"]
[Source "ChessBase"]
[SourceDate "2019.10.17"]
[SourceVersion "1"]
[SourceVersionDate "2019.10.17"]
[SourceQuality "1"]

1. d4 Nf6 2. c4 e6 3. Nc3 Bb4 4. e3 0-0 5. Bd3 c5 6. Nge2 b6 7. 0-0 Bb7 8. a3 Bxc3 9. Nxc3 d5 10. cxd5 exd5 11. b3 Nc6 12. Bb2 cxd4 13. exd4 h6 14. Ne2 Na5 15. Ng3 Re8 16. f3 Rc8 17. Nf5 Rc7 18. Bc1 Bc8 19. Bf4 Rc3 20. Rb1 Bxf5 21. Bxf5 Qe7 22. Bd2 Rc7 23. Bb4 Qd8 24. Qd2 Nc6 25. Bc3 Qe7 26. Bb2 Qe3+ 27. Qxe3 Rxe3 28. Bc1 Re2 29. Bd3 Ra2 30. Rf2 Rxf2 31. Kxf2 Nxd4 32. Bb2 Ne6 33. Rc1 Rxc1 34. Bxc1 Kf8 35. a4 Ke7 36. Ba3+ Nc5 37. Bc2 a5 38. b4 axb4 39. Bxb4 Kd6 40. a5 bxa5 41. Bxa5 d4 42. Ke2 Nd5 43. Bd2 Ke5 44. g3 g5 45. h4 f6 46. hxg5 hxg5 47. Ba5 Nc3+ 48. Kd2 Nd5 49. Ke2 Nc3+ 50. Kd2 Nd5 51. Ke2 f5 52. Bd8 Ne6 53. Bxg5 Nxg5 54. f4+ Nxf4+ 55. gxf4+ Kxf4 56. Kd3 Ke5 57. Bb3 Ne4 0-1

[Event "Livingstone FIDE zt 4.3"]
[Site "Livingstone"]
[Date "2017.06.12"]
[Round "4"]
[White "Paulino, Domingos"]
[Black "Cawdery, Daniel"]
[Result "1/2-1/2"]
[WhiteElo "2203"]
[BlackElo "2434"]
[PlyCount "134"]
[EventDate "2017.06.10"]
[EventType "swiss"]
[EventRounds "9"]
[EventCountry "ZAM"]
[SourceTitle "EXT 2020"]
[Source "ChessBase"]
[SourceDate "2019.10.17"]
[SourceVersion "1"]
[SourceVersionDate "2019.10.17"]
[SourceQuality "1"]

1. d4 Nf6 2. c4 g6 3. Nc3 d5 4. Nf3 Bg7 5. Bf4 0-0 6. e3 c5 7. Be2 cxd4 8. exd4 Nc6 9. 0-0 dxc4 10. Bxc4 Na5 11. Be2 Be6 12. b3 Rc8 13. Rc1 Rxc3 14. Rxc3 Nd5 15. Qd2 Nxc3 16. Qxc3 Nc6 17. Rd1 Bg4 18. Be3 Qd6 19. h3 Bf5 20. Qc5 Qxc5 21. dxc5 Nb4 22. a3 Na2 23. Bc4 Nc3 24. Re1 Be4 25. Bd4 Bxf3 26. Bxg7 Kxg7 27. gxf3 e6 28. Rc1 Nd5 29. Bxd5 exd5 30. c6 bxc6 31. Rxc6 Rb8 32. b4 a5 33. bxa5 Rb5 34. a6 Ra5 35. Rd6 Rxa3 36. Rxd5 Rxa6 37. Kg2 Kf6 38. Rb5 Re6 39. Kg3 Re5 40. Rb6+ Kg7 41. Ra6 Rg5+ 42. Kh2 h5 43. f4 Rd5 44. h4 Rd4 45. Kg3 Rd1 46. Kg2 Rd5 47. Kg3 Kf8 48. Ra7 Rd3+ 49. Kg2 Rd6 50. Kg3 Kg7 51. Ra5 Kf6 52. Kg2 Ke6 53. Kg3 Rd5 54. Ra7 f6 55. Ra3 Kf5 56. f3 Rb5 57. Ra4 Rd5 58. Ra3 Rd1 59. Ra5+ Ke6 60. Ra6+ Rd6 61. Ra5 Rd5 62. Ra6+ Kf5 63. Ra4 g5 64. fxg5 fxg5 65. hxg5 Kxg5 66. f4+ Kf5 67. Kh4 Rd1 1/2-1/2

[Event "Livingstone FIDE zt 4.3"]
[Site "Livingstone"]
[Date "2017.06.11"]
[Round "2"]
[White "Gaealafshwe, Barileng"]
[Black "Paulino, Domingos"]
[Result "1/2-1/2"]
[WhiteElo "2169"]
[BlackElo "2203"]
[PlyCount "64"]
[EventDate "2017.06.10"]
[EventType "swiss"]
[EventRounds "9"]
[EventCountry "ZAM"]
[SourceTitle "EXT 2020"]
[Source "ChessBase"]
[SourceDate "2019.10.17"]
[SourceVersion "1"]
[SourceVersionDate "2019.10.17"]
[SourceQuality "1"]

1. Nf3 d5 2. d4 c5 3. c4 e6 4. cxd5 exd5 5. Nc3 Nf6 6. g3 Be7 7. Bg2 0-0 8. 0-0 Nc6 9. Bg5 Be6 10. Rc1 c4 11. Ne5 h6 12. Bxf6 Bxf6 13. Nxc4 Bxd4 14. Nd2 Bxc3 15. Rxc3 d4 16. Rc1 Qb6 17. Bxc6 bxc6 18. b3 Rfd8 19. Nc4 Qb5 20. Qd2 Qd5 21. Rfd1 Qh5 22. Nb2 Rac8 23. Nd3 c5 24. Nf4 Qe5 25. Nxe6 Qxe6 26. Qd3 Rd5 27. Qc4 Rcd8 28. Qd3 g6 29. Rd2 Re8 30. Rcc2 Re5 31. Qb5 Kg7 32. Qd3 Qb6 1/2-1/2